Pokémons de type eau (types indiqués) - Statistiques

Statistiques générales
  • Ce quiz a été pris 20 fois
  • Le résultat moyen est 82 sur 171
Statistiques - réponses
Hint Réponse % Correct
#008 Eau Carabaffe
94%
#007 Eau Carapuce
94%
#129 Eau Magicarpe
94%
#009 Eau Tortank
94%
#130 Eau / Vol Léviator
88%
#120 Eau Stari
81%
#393 Eau Tiplouf
81%
#139 Roche / Eau Amonistar
75%
#138 Roche / Eau Amonita
75%
#091 Eau / Glace Crustabri
75%
#259 Eau / Sol Flobio
75%
#258 Eau Gobou
75%
#121 Eau / Psy Staross
75%
#160 Eau Aligatueur
69%
#158 Eau Kaiminus
69%
#260 Eau / Sol Laggron
69%
#087 Eau / Glace Lamantine
69%
#131 Eau / Glace Lokhlass
69%
#009 Eau Méga Tortank
69%
#395 Eau / Acier Pingoléon
69%
#394 Eau Prinplouf
69%
#055 Eau Akwakwak
63%
#503 Eau Clamiral
63%
#159 Eau Crocrodil
63%
#080 Eau / Psy Flagadoss
63%
#230 Eau / Dragon Hyporoi
63%
#090 Eau Kokiyas
63%
#382 Eau Kyogre
63%
#502 Eau Mateloutre
63%
#501 Eau Moustillon
63%
#730 Eau / Fée Oratoria
63%
#728 Eau Otaquin
63%
#086 Eau Otaria
63%
#729 Eau Otarlette
63%
#118 Eau Poissirène
63%
#119 Eau Poissoroy
63%
#054 Eau Psykokwak
63%
#060 Eau Ptitard
63%
#079 Eau / Psy Ramoloss
63%
#319 Eau / Ténèbres Sharpedo
63%
#061 Eau Têtarte
63%
#658 Eau / Ténèbres Amphinobi
56%
#184 Eau / Fée Azumarill
56%
#349 Eau Barpau
56%
#279 Eau / Vol Bekipan
56%
#657 Eau Croâporal
56%
#278 Eau / Vol Goélise
56%
#656 Eau Grenousse
56%
#117 Eau Hypocéan
56%
#116 Eau Hypotrempe
56%
#140 Roche / Eau Kabuto
56%
#141 Roche / Eau Kabutops
56%
#171 Eau / Electrik Lanturn
56%
#816 Eau Larméléon
56%
#818 Eau Lézargus
56%
#271 Eau / Plante Lombre
56%
#170 Eau / Electrik Loupio
56%
#490 Eau Manaphy
56%
#183 Eau / Fée Marill
56%
#130 Eau / Ténèbres Méga Léviator
56%
#350 Eau Milobellus
56%
#418 Eau Mustébouée
56%
#419 Eau Mustéflott
56%
#484 Eau / Dragon Palkia
56%
#489 Eau Phione
56%
#748 Poison / Eau Prédastérie
56%
#223 Eau Rémoraid
56%
#199 Eau / Psy Roigada
56%
#062 Eau / Combat Tartard
56%
#072 Eau / Poison Tentacool
56%
#073 Eau / Poison Tentacruel
56%
#747 Poison / Eau Vorastérie
56%
#134 Eau Aquali
50%
#817 Eau Arrozard
50%
#400 Normal / Eau Castorno
50%
#912 Eau Coiffeton
50%
#580 Eau / Vol Couaneton
50%
#515 Eau Flotajou
50%
#365 Glace / Eau Kaimorse
50%
#098 Eau Krabby
50%
#581 Eau / Vol Lakmécygne
50%
#080 Eau / Psy Méga Flagadoss
50%
#260 Eau / Sol Méga Laggron
50%
#593 Eau / Spectre Moyade
50%
#270 Eau / Plante Nénupiot
50%
#363 Glace / Eau Obalie
50%
#914 Eau / Combat Palmaval
50%
#422 Eau Sancoki
50%
#245 Eau Suicune
50%
#423 Eau / Sol Tritosor
50%
#283 Insecte / Eau Arakdo
44%
#194 Eau / Sol Axoloto
44%
#458 Eau / Vol Babimanta
44%
#340 Eau / Sol Barbicha
44%
#550 Eau Bargantua
44%
#536 Eau / Sol Batracné
44%
#913 Eau Canarbello
44%
#564 Eau / Roche Carapagos
44%
#318 Eau / Ténèbres Carvanha
44%
#537 Eau / Sol Crapustule
44%
#226 Eau / Vol Démanta
44%
#516 Eau Flotoutan
44%
#099 Eau Krabboss
44%
#370 Eau Lovdisc
44%
#272 Eau / Plante Ludicolo
44%
#594 Eau Mamanbo
44%
#195 Eau / Sol Maraiste
44%
#319 Eau / Ténèbres Méga Sharpedo
44%
#364 Glace / Eau Phogleur
44%
#211 Eau / Poison Qwilfish
44%
#369 Eau / Roche Relicanth
44%
#535 Eau Tritonde
44%
#592 Eau / Spectre Viskuse
44%
#320 Eau Wailmer
44%
#321 Eau Wailord
44%
#751 Eau / Insecte Araqua
38%
#339 Eau / Sol Barloche
38%
#366 Eau Coquiperl
38%
#779 Eau / Psy Denticrisse
38%
#456 Eau Ecayon
38%
#693 Eau Gamblast
38%
#647 Eau / Combat Keldeo
38%
#457 Eau Luminéon
38%
#978 Dragon / Eau Nigirigon
38%
#224 Eau Octillery
38%
#688 Roche / Eau Opermine
38%
#977 Eau Oyacata
38%
#902 Eau / Spectre Paragruel
38%
#752 Eau / Insecte Tarenbulle
38%
#186 Eau Tarpaud
38%
#960 Eau Taupikeau
38%
#788 Eau / Fée Tokopisco
38%
#690 Poison / Eau Venalgue
38%
#721 Feu / Eau Volcanion
38%
#503 Eau / Ténèbres Clamiral d'Hisui
31%
#342 Eau / Ténèbres Colhomard
31%
#771 Eau Concombaffe
31%
#222 Eau / Roche Corayon
31%
#976 Eau / Psy Délestin
31%
#341 Eau Ecrapince
31%
#692 Eau Flingouste
31%
#689 Roche / Eau Golgopathe
31%
#847 Eau Hastacuda
31%
#882 Dragon / Eau Hydragon
31%
#565 Eau / Roche Mégapagos
31%
#479 Electrik / Eau Motisma Lavage
31%
#382 Eau Primo Kyogre
31%
#368 Eau Rosabyss
31%
#658 Eau / Ténèbres Sachanobi
31%
#768 Insecte / Eau Sarmuraï
31%
#367 Eau Serpang
31%
#767 Insecte / Eau Sovkipou
31%
#834 Eau / Roche Torgamord
31%
#961 Eau Triopikeau
31%
#846 Eau Embrochet
25%
#883 Eau / Glace Hydragla
25%
#833 Eau Khélocrok
25%
#845 Eau / Vol Nigosier
25%
#963 Eau Dofin
19%
#991 Glace / Eau Hotte-de-Fer
19%
#484 Eau / Dragon Palkia Originelle
19%
#1009 Eau / Dragon Serpente-Eau
19%
#746 Eau Froussardine Banc
13%
#647 Eau / Combat Keldeo Décidé
13%
#351 Eau Morphéo Eau de Pluie
13%
#1017 Plante / Eau Ogerpon Masque du Puits
13%
#128 Combat / Eau Tauros de Paldea Race Aquatique
13%
#746 Eau Froussardine Solitaire
6%
#892 Combat / Eau Shifours Style Mille Poings
6%
#964 Eau Superdofin Super
6%
#964 Eau Superdofin Ordinaire
0%
Aucun quiz correspondant
Distribution des résultats
% des personnes avec chaque résultat
Percentile par nombre de réponses
Votre historique - résultats
Vous n’avez pas pris ce quiz